000
00302nam a2200133Ia 4500
100
_a
Frankland/T.W
942
_c
BK
654
_a
Hand Book
245
_a
Pipe Fitter''''s & Pipe Welder''''s Hand Book
260
_b
Bailey Bros
_a
London
_c
1973
082
_a
671.02
300
_a
175
546
_a
ENGLISH
999
_c
34723
_d
34723